00000000nam##2200000za#4500
0019.529577
003CaOODSP
00520200401015327
007ta
008150406|1997||||xxc|||||     f|0| 0 fre|d
020 |a0-660-60340-3
040 |aCaOODSP|bfre
041 |aeng
041 |afre
043 |an-cn---
0861 |aBT31-4/54-1997
1101 |aCanada. |bConseil du trésor.
24510|aTable ronde nationale sur l'environnement et l'économie
260 |aOttawa - Ontario : |bSecrétariat du Conseil du Trésor du Canada |c1997.
300 |aTexte français, 10p. : |btableaux ; |c28 cm.
4901 |aRapport sur le rendement pour la période se terminant le 31 mars 1997
546 |aBilingue
563 |aCouverture souple
590 |a97-46|b1997-11-14
7760#|tTable ronde nationale sur l'environnement et l'économie, rapport sur le rendement pour la période se terminant le 31 mars 1997 |w(CaOODSP)9.599902
7760#|tNational Round Table on the Environment and the Economy, performance report for the period ending March 31, 1997 |w(CaOODSP)9.568630
791 |tNational Round Table on the Environment and the Economy|eeng|w(CaOODSP)9.529576
830#0|aRapport sur le rendement pour la période se terminant le 31 mars 1997.|w(CaOODSP)9.508973